000 00795nam a2200181 4500
001 111536
003 ES-MaACL
005 20230906185322.0
007 t|
008 061121s1947 sp r ||||1| spa d
100 1 _aOresanz Moliné, José.
_987234
245 1 3 _aEl ganado caballar y sus híbridos en la provincia de Valladolid
_b: su estado actual y orientación económico-zootécnica de su explotación /
_cJosé Oresanz Moliné.
260 _aValladolid :
_bCasa Martín,
_c1947.
300 _a68 p. :
_bil. ;
_c22 cm.
500 _aPrecede al Tit : Dirección General de Ganadería. Junta Provincial de Fomento Pecuario de Valladolid.
710 2 _aJunta Provincial de Fomento Pecuario de Valladolid.
_bDirección General de Ganadería.
_95419
852 _aES-MaACL
_j1554-F-10
_bR.26360
999 _c111536
_d111536